[Event "Saint Louis Blitz 2017"]
[Site "Saint Louis USA"]
[Date "2017.08.17"]
[Round "6.3"]
[White "Aronian, Levon"]
[Black "Nepomniachtchi, Ian"]
[Result "1-0"]
[WhiteTitle "GM"]
[BlackTitle "GM"]
[WhiteElo "2799"]
[BlackElo "2751"]
[WhiteFideId "13300474"]
[BlackFideId "4168119"]
[EventDate "2017.08.17"]

1. d4 Nf6 2. Bf4 c5 3. dxc5 Na6 4. Qd4 Qa5+ 5. c3 Qxc5 6. e3 e6 7. Nd2 b6 8. Nb3
Qc6 9. Nf3 Nc5 10. Ne5 Qb7 11. Nc4 d5 12. Nd6+ Bxd6 13. Bxd6 Nce4 14. Ba3 Qc7
15. f3 e5 16. Qa4+ Bd7 17. Qb4 Nc5 18. Nxc5 bxc5 19. Qxc5 Qxc5 20. Bxc5 Bc6 21.
O-O-O Nd7 22. Ba3 Nb6 23. e4 dxe4 24. Rd6 Bd7 25. fxe4 O-O 26. Rxd7 Nxd7 27.
Bxf8 Kxf8 28. Bd3 Ke7 29. Kc2 a5 30. b3 Nc5 31. Rd1 Rb8 32. Bc4 Nxe4 33. Re1 f5
34. Bd3 Rf8 35. Bxe4 fxe4 36. Rxe4 Rf2+ 37. Kd3 Rxa2 38. Rxe5+ Kd6 39. Re2 Ra1
40. Kc4 g5 41. Rd2+ Ke6 42. Kb5 Rb1 43. b4 axb4 44. cxb4 h5 45. Kc5 g4 46. g3
Kf5 47. Re2 Kg5 48. b5 h4 49. gxh4+ Kxh4 50. b6 Kh3 51. Kc6 Rc1+ 52. Kd7 Rd1+
53. Kc7 Rc1+ 54. Kb8 Rh1 55. b7 Ra1 56. Rb2 Rf1 57. Ka7 Rf7 58. Ka8 1-0

[Event "Saint Louis Blitz 2017"]
[Site "Saint Louis USA"]
[Date "2017.08.17"]
[Round "6.5"]
[White "Anand, Viswanathan"]
[Black "Kasparov, Garry"]
[Result "1/2-1/2"]
[WhiteTitle "GM"]
[BlackTitle "GM"]
[WhiteElo "2783"]
[BlackElo "2812"]
[WhiteFideId "5000017"]
[BlackFideId "4100018"]
[EventDate "2017.08.17"]

1. e4 c5 2. Nf3 Nc6 3. Bb5 g6 4. O-O Bg7 5. Bxc6 bxc6 6. Re1 Nf6 7. e5 Nd5 8. c4
Nc7 9. d4 cxd4 10. Qxd4 Ne6 11. Qh4 d6 12. exd6 Qxd6 13. Nc3 h5 14. Bd2 O-O 15.
Ne4 Qc7 16. Bc3 f6 17. Qg3 Qxg3 18. hxg3 Rd8 19. Ba5 Rd3 20. Rad1 Rxd1 21. Rxd1
Kf7 22. Nd4 Nxd4 23. Rxd4 Be6 24. b3 Bf8 25. Nc5 Bf5 26. Rd1 Ke8 27. Na6 Rc8 28.
Bb4 c5 29. Ba5 e5 30. Nc7+ Kf7 31. Nb5 Ra8 32. Kf1 a6 33. Nd6+ Ke6 34. Nb7 Be7
35. Nd8+ Bxd8 36. Bxd8 Bb1 37. Bc7 Bxa2 38. Rd6+ Ke7 39. Rb6 a5 40. Bd6+ Kf7 41.
Bxc5 a4 42. bxa4 Bxc4+ 43. Kg1 Rxa4 44. Rb7+ Ke6 45. Rb6+ Kf7 46. Rb7+ Ke6 47.
Rb6+ Kf5 48. Rb4 Ra1+ 49. Kh2 Bd5 50. Rb6 Rc1 51. Be3 Rc2 52. Rb4 g5 53. Ra4 g4
54. Ra5 Be4 55. Rc5 Ra2 56. Rc8 1/2-1/2

[Event "Saint Louis Blitz 2017"]
[Site "Saint Louis USA"]
[Date "2017.08.17"]
[Round "7.1"]
[White "Navara, David"]
[Black "Le, Quang Liem"]
[Result "1-0"]
[WhiteTitle "GM"]
[BlackTitle "GM"]
[WhiteElo "2737"]
[BlackElo "2739"]
[WhiteFideId "309095"]
[BlackFideId "12401137"]
[EventDate "2017.08.17"]

1. e4 e5 2. Nf3 Nc6 3. Bb5 Nf6 4. d3 Bc5 5. c3 O-O 6. O-O d6 7. Bg5 h6 8. Bh4 g5
9. Bg3 a6 10. Bxc6 bxc6 11. d4 Ba7 12. Nbd2 exd4 13. Nxd4 Bg4 14. Qc2 Qd7 15. f3
c5 16. Ne2 Bh5 17. c4 Bg6 18. f4 Rae8 19. Nc3 gxf4 20. Bxf4 Kh7 21. Bxh6 Nxe4
22. Ndxe4 Kxh6 23. Qd2+ Kg7 24. Nf6 Qd8 25. Nxe8+ Rxe8 26. Rae1 Rxe1 27. Qxe1 c6
28. Ne2 d5 29. Nf4 Bb8 30. Nxg6 fxg6 31. Qe6 Qg5 32. Qf7+ Kh6 33. Qf8+ 1-0

[Event "Saint Louis Blitz 2017"]
[Site "Saint Louis USA"]
[Date "2017.08.17"]
[Round "7.2"]
[White "Kasparov, Garry"]
[Black "Aronian, Levon"]
[Result "0-1"]
[WhiteTitle "GM"]
[BlackTitle "GM"]
[WhiteElo "2812"]
[BlackElo "2799"]
[WhiteFideId "4100018"]
[BlackFideId "13300474"]
[EventDate "2017.08.17"]

1. d4 Nf6 2. c4 e6 3. Nc3 Bb4 4. Qc2 O-O 5. a3 Bxc3+ 6. Qxc3 d5 7. Nf3 dxc4 8.
Qxc4 b6 9. h4 Bb7 10. Bg5 Qd5 11. Rc1 Nbd7 12. Qxd5 Bxd5 13. Ne5 c5 14. Bxf6
Nxf6 15. dxc5 bxc5 16. f3 Rab8 17. e4 Ba2 18. Rc2 Bb1 19. Rd2 Rfd8 20. Rxd8+
Rxd8 21. Bb5 Nh5 22. g4 Nf4 23. Kf2 f6 24. Nc6 Rd2+ 25. Ke3 Rxb2 26. Kxf4 Rxb5
27. Rd1 h6 28. h5 Rb3 29. e5 Bd3 30. a4 c4 31. Nxa7 Ra3 32. Nb5 Rxa4 33. Ke3
fxe5 34. Nd6 Ra3 35. Kf2 Kf8 36. Nb5 Rb3 0-1

[Event "Saint Louis Blitz 2017"]
[Site "Saint Louis USA"]
[Date "2017.08.17"]
[Round "7.4"]
[White "Dominguez Perez, Leinier"]
[Black "Anand, Viswanathan"]
[Result "1/2-1/2"]
[WhiteTitle "GM"]
[BlackTitle "GM"]
[WhiteElo "2739"]
[BlackElo "2783"]
[WhiteFideId "3503240"]
[BlackFideId "5000017"]
[EventDate "2017.08.17"]

1. e4 e5 2. Nf3 Nc6 3. Bb5 Nf6 4. O-O Nxe4 5. Re1 Nd6 6. Nxe5 Be7 7. Bd3 Nxe5 8.
Rxe5 O-O 9. Nc3 Ne8 10. Re1 Nf6 11. Qe2 Re8 12. Ne4 Nxe4 13. Qxe4 g6 14. b3 d5
15. Qe5 Bf5 16. Bb2 f6 17. Qe3 Qd7 18. Qf3 Bxd3 19. Qxd3 Kf7 20. Re3 c6 21. Rae1
Bd6 22. g3 Rxe3 23. Qxe3 Bf8 24. d3 Qe7 25. Qd2 Qd6 26. Qe3 Qe7 27. Qd2 Qd6 28.
Qe3 Qe7 1/2-1/2

[Event "Saint Louis Blitz 2017"]
[Site "Saint Louis USA"]
[Date "2017.08.17"]
[Round "7.5"]
[White "Nepomniachtchi, Ian"]
[Black "Caruana, Fabiano"]
[Result "1-0"]
[WhiteTitle "GM"]
[BlackTitle "GM"]
[WhiteElo "2751"]
[BlackElo "2807"]
[WhiteFideId "4168119"]
[BlackFideId "2020009"]
[EventDate "2017.08.17"]

1. e4 c5 2. Nf3 e6 3. d4 cxd4 4. Nxd4 a6 5. c4 Nf6 6. Nc3 Bb4 7. Qd3 d6 8. Be2
O-O 9. O-O Bxc3 10. Qxc3 Nxe4 11. Qc2 Nf6 12. Bg5 h6 13. Bh4 e5 14. Nf5 Nc6 15.
Ne3 Nd4 16. Qd1 g5 17. Bg3 Be6 18. Bd3 Nd7 19. Nc2 Nxc2 20. Bxc2 Qe7 21. b3 f5
22. f3 b5 23. cxb5 axb5 24. Qd2 Nf6 25. Rfd1 Nd5 26. Bd3 Rab8 27. a4 bxa4 28.
bxa4 Nf4 29. Bf1 d5 30. Re1 Qd6 31. a5 d4 32. a6 Ra8 33. a7 Rfe8 34. Ra6 Qc7 35.
Bxf4 gxf4 36. Rxe6 Rxe6 37. Qa2 Qb6 38. Bc4 Kf7 39. Rxe5 d3+ 40. Kf1 Qd4 41.
Rxe6 Kg7 42. Re7+ Kf6 43. Rf7+ Kg5 44. h4+ Kh5 45. Rxf5+ Kg6 46. Qa6+ Kg7 47.
Rf7+ 1-0

[Event "Saint Louis Blitz 2017"]
[Site "Saint Louis USA"]
[Date "2017.08.17"]
[Round "8.3"]
[White "Aronian, Levon"]
[Black "Caruana, Fabiano"]
[Result "0-1"]
[WhiteTitle "GM"]
[BlackTitle "GM"]
[WhiteElo "2799"]
[BlackElo "2807"]
[WhiteFideId "13300474"]
[BlackFideId "2020009"]
[EventDate "2017.08.17"]

1. c4 e5 2. g3 Nf6 3. Bg2 c6 4. Nf3 e4 5. Nd4 Qb6 6. e3 d5 7. Nc3 Bg4 8. f3 exf3
9. Bxf3 Bxf3 10. Qxf3 dxc4 11. b3 cxb3 12. O-O Nbd7 13. axb3 Bb4 14. Bb2 O-O 15.
Nf5 Ne5 16. Qf4 Ng6 17. Qc4 Rad8 18. Na4 Qb5 19. Bxf6 Qxc4 20. bxc4 gxf6 21. d4
Rfe8 22. c5 Rd5 23. Rab1 Bd2 24. Rb3 Rxf5 25. Rxf5 Bxe3+ 26. Kf1 Bxd4 27. Rxb7
Re3 28. Rxa7 Kg7 29. Rd7 Re4 30. Rd8 Be3 31. Nc3 Rc4 32. Nd1 Bxc5 33. Rf3 Bb6
34. Rc3 Rxc3 0-1

[Event "Saint Louis Blitz 2017"]
[Site "Saint Louis USA"]
[Date "2017.08.17"]
[Round "8.4"]
[White "Le, Quang Liem"]
[Black "Karjakin, Sergey"]
[Result "0-1"]
[WhiteTitle "GM"]
[BlackTitle "GM"]
[WhiteElo "2739"]
[BlackElo "2773"]
[WhiteFideId "12401137"]
[BlackFideId "14109603"]
[EventDate "2017.08.17"]

1. d4 Nf6 2. Nf3 d5 3. c4 e6 4. Nc3 Nbd7 5. cxd5 exd5 6. Bf4 c6 7. h3 Bb4 8. Nd2
Nf8 9. e3 Ng6 10. Bh2 Bf5 11. g4 Be6 12. Bd3 O-O 13. O-O Nd7 14. a3 Bxc3 15.
bxc3 f5 16. f3 Qe7 17. Qe2 Rae8 18. Bg3 Nb6 19. a4 Kh8 20. a5 Nc8 21. Rab1 Nd6
22. Qh2 Bc8 23. Rbe1 Rd8 24. h4 Qe6 25. h5 Ne7 26. g5 Nc4 27. Bf4 Nxa5 28. Bc7
b6 29. Bxd8 Rxd8 30. Kh1 Nc4 31. Bxc4 dxc4 32. e4 Qf7 33. h6 b5 34. hxg7+ Qxg7
35. f4 b4 36. cxb4 Rxd4 37. exf5 Bxf5 38. Nf3 Rd3 39. Kg1 c3 40. Nh4 Qd4+ 41.
Qf2 Rg3+ 42. Ng2 Qd3 43. Rxe7 Bh3 44. Re3 Rxg2+ 45. Qxg2 Qxe3+ 46. Qf2 Qd3 47.
Re1 c2 48. Kh2 Bd7 49. f5 Bxf5 50. Re3 Qd6+ 51. Rg3 c1=Q 52. Qxf5 Qcf4 53. Qc8+ 0-1

[Event "Saint Louis Blitz 2017"]
[Site "Saint Louis USA"]
[Date "2017.08.17"]
[Round "8.5"]
[White "Anand, Viswanathan"]
[Black "Navara, David"]
[Result "1/2-1/2"]
[WhiteTitle "GM"]
[BlackTitle "GM"]
[WhiteElo "2783"]
[BlackElo "2737"]
[WhiteFideId "5000017"]
[BlackFideId "309095"]
[EventDate "2017.08.17"]

1. e4 c5 2. Nf3 d6 3. d4 cxd4 4. Nxd4 Nf6 5. Nc3 a6 6. Be2 e6 7. f4 Qc7 8. a4 b6
9. O-O Bb7 10. Bf3 Nbd7 11. Qe2 Be7 12. e5 dxe5 13. Bxb7 Qxb7 14. fxe5 Bc5 15.
Be3 Nd5 16. Bf2 Nxc3 17. bxc3 O-O 18. Kh1 Rae8 19. Bg3 Rc8 20. Rf3 Bxd4 21. cxd4
Qd5 22. c3 b5 23. axb5 axb5 24. Bh4 b4 25. Be7 bxc3 26. Bxf8 Nxf8 27. Qd3 Rc4
28. Raf1 c2 29. Rc1 Rxd4 30. Qxc2 Qxe5 31. h3 h6 32. Qc8 Rd2 33. Rff1 Qd5 34.
Qc6 Qxc6 35. Rxc6 f5 36. Ra1 Kf7 37. Ra7+ Rd7 38. Rxd7+ Nxd7 39. Kg1 Kf6 40. Kf2 1/2-1/2

[Event "Saint Louis Blitz 2017"]
[Site "Saint Louis USA"]
[Date "2017.08.17"]
[Round "9.1"]
[White "Karjakin, Sergey"]
[Black "Anand, Viswanathan"]
[Result "1-0"]
[WhiteTitle "GM"]
[BlackTitle "GM"]
[WhiteElo "2773"]
[BlackElo "2783"]
[WhiteFideId "14109603"]
[BlackFideId "5000017"]
[EventDate "2017.08.17"]

1. e4 c6 2. d4 d5 3. e5 Bf5 4. Nf3 e6 5. Be2 Ne7 6. c3 Nd7 7. Nbd2 c5 8. dxc5
Nxc5 9. O-O Nc6 10. Nd4 Bg6 11. Nxc6 bxc6 12. b4 Nd3 13. Nf3 Nxc1 14. Rxc1 Be7
15. Nd4 Qb6 16. Qa4 Rc8 17. Nxc6 Rxc6 18. Bb5 O-O 19. Bxc6 Bd3 20. Rfe1 Rc8 21.
Qd1 Bg5 22. Bd7 Rc7 23. Qxd3 Bxc1 24. Bxe6 fxe6 25. Rxc1 Rc4 26. a4 Qc7 27. Qh3
Qxe5 28. Qe3 Re4 29. Qd2 Re2 30. Qd1 Qf4 31. f3 Qe3+ 32. Kh1 Qg5 33. Qf1 Qe3 34.
a5 Rb2 35. Qg1 Qxg1+ 36. Kxg1 Kf7 37. Kf1 Kf6 38. Rd1 a6 39. h4 Ke5 40. g3 Kd6
41. f4 h5 42. Rd3 e5 43. fxe5+ Kxe5 44. Ke1 Ke4 45. Rd4+ Ke5 46. Kd1 Rg2 47. Rd3
Ke4 48. Rd4+ Ke5 49. b5 axb5 50. Rb4 Rxg3 51. Kc2 Rg1 52. Rxb5 Ra1 53. Kb2 Ra4
54. Kb3 Ra1 55. Kb2 Ra4 56. Kb3 Ra1 57. Kb2 Ra4 58. Kb3 Rxh4 59. a6 Rh1 60. Ka2
Rh2+ 61. Rb2 Rh4 62. Ka3 Rc4 63. a7 1-0

[Event "Saint Louis Blitz 2017"]
[Site "Saint Louis USA"]
[Date "2017.08.17"]
[Round "9.2"]
[White "Navara, David"]
[Black "Kasparov, Garry"]
[Result "1/2-1/2"]
[WhiteTitle "GM"]
[BlackTitle "GM"]
[WhiteElo "2737"]
[BlackElo "2812"]
[WhiteFideId "309095"]
[BlackFideId "4100018"]
[EventDate "2017.08.17"]

1. e4 c5 2. Nf3 d6 3. d4 cxd4 4. Nxd4 Nf6 5. Nc3 a6 6. h3 e6 7. g4 Nfd7 8. Be3
b5 9. a3 Bb7 10. g5 Nb6 11. h4 N8d7 12. Qd2 Rc8 13. O-O-O d5 14. exd5 b4 15.
axb4 Bxd5 16. Nxd5 Nxd5 17. Bxa6 Bxb4 18. Qe2 O-O 19. Bxc8 Qxc8 20. Nb3 Qc6 21.
Rxd5 exd5 22. Rd1 Ne5 23. Bc5 Bxc5 24. Qxe5 Bxf2 25. Qxd5 Qxd5 26. Rxd5 Bxh4 27.
c4 f5 28. gxf6 Bxf6 29. Nc5 Rc8 30. b4 Be7 31. Kd2 Bxc5 32. bxc5 Kf7 1/2-1/2

[Event "Saint Louis Blitz 2017"]
[Site "Saint Louis USA"]
[Date "2017.08.17"]
[Round "9.3"]
[White "Nepomniachtchi, Ian"]
[Black "Le, Quang Liem"]
[Result "1/2-1/2"]
[WhiteTitle "GM"]
[BlackTitle "GM"]
[WhiteElo "2751"]
[BlackElo "2739"]
[WhiteFideId "4168119"]
[BlackFideId "12401137"]
[EventDate "2017.08.17"]

1. c4 c5 2. Nc3 Nc6 3. Nf3 g6 4. e3 Nf6 5. d4 cxd4 6. exd4 d5 7. cxd5 Nxd5 8.
Qb3 e6 9. Bb5 Bg7 10. Bxc6+ bxc6 11. O-O O-O 12. Na4 Qd6 13. Re1 Rb8 14. Qd1 c5
15. Nxc5 Bb7 16. Nxb7 Rxb7 17. b3 Rd8 18. Bd2 Ne7 19. Rc1 Nf5 20. Bg5 Rdb8 21.
Rc4 Rb4 22. Rxb4 Rxb4 23. d5 e5 24. Qe2 h6 25. Bd2 Nd4 26. Nxd4 Rxd4 27. Bc3
Rxd5 28. h3 h5 29. b4 Qc6 30. Qb2 Kh7 31. a3 a6 32. Bxe5 Rxe5 33. Rxe5 Qf6 34.
Rxh5+ gxh5 35. Qc2+ Kg8 36. Qc8+ Bf8 37. Qc1 h4 38. Qd1 Qf4 39. Qc2 Bd6 40. Kf1
Kg7 41. Ke2 Be5 42. Qd3 Bd4 43. Qf3 Qxf3+ 44. Kxf3 Bc3 45. g3 hxg3 46. fxg3 Kf6
47. Ke4 Ke6 48. g4 Be1 49. Kd4 Bf2+ 50. Ke4 Kf6 51. a4 Kg5 52. b5 axb5 53. axb5
Bb6 54. Ke5 Bc7+ 55. Kd5 Kh4 56. Kc6 Ba5 57. Kd7 Kxh3 58. Ke7 Kxg4 59. Kxf7 1/2-1/2

[Event "Saint Louis Blitz 2017"]
[Site "Saint Louis USA"]
[Date "2017.08.17"]
[Round "9.5"]
[White "Dominguez Perez, Leinier"]
[Black "Aronian, Levon"]
[Result "0-1"]
[WhiteTitle "GM"]
[BlackTitle "GM"]
[WhiteElo "2739"]
[BlackElo "2799"]
[WhiteFideId "3503240"]
[BlackFideId "13300474"]
[EventDate "2017.08.17"]

1. e4 e5 2. Nf3 Nc6 3. Bb5 a6 4. Ba4 Nf6 5. O-O Be7 6. Re1 b5 7. Bb3 O-O 8. a4
b4 9. d4 d6 10. dxe5 dxe5 11. Nbd2 Bc5 12. a5 Be6 13. Qe2 Qe7 14. Bc4 Nd4 15.
Nxd4 Bxd4 16. Nb3 Rfd8 17. Nxd4 Bxc4 18. Nf5 Qe6 19. Qf3 Ne8 20. b3 Bb5 21. Qg3
Rd7 22. Be3 g6 23. Bc5 Nf6 24. Bxb4 Nh5 25. Qh4 Nf4 26. Ne3 Rd4 27. Qe7 Qxe7 28.
Bxe7 Rxe4 29. f3 Rd4 30. Rad1 Ne2+ 31. Kf2 Nc3 32. Rxd4 exd4 33. Ng4 f5 34. Nh6+
Kg7 35. Bg5 Re8 36. Rxe8 Bxe8 37. g4 Bd7 38. h4 Nd5 39. Ke2 c5 40. Kd2 Be6 41.
Kd3 Nb4+ 42. Kd2 Nc6 43. Bf4 Nxa5 44. g5 Nb7 45. Be5+ Kf8 46. f4 Ke7 47. c3
dxc3+ 48. Kxc3 Nd6 49. Bf6+ Kd7 50. Be5 Ne4+ 51. Kc2 Kc6 52. Kb2 Kb5 53. Ka3 Nd2
54. Bc3 Nf3 55. Kb2 Nxh4 56. Kc2 Nf3 57. Bb2 Nd4+ 0-1

[Event "Saint Louis Blitz 2017"]
[Site "Saint Louis USA"]
[Date "2017.08.18"]
[Round "10.1"]
[White "Navara, David"]
[Black "Dominguez Perez, Leinier"]
[Result "0-1"]
[WhiteTitle "GM"]
[BlackTitle "GM"]
[WhiteElo "2737"]
[BlackElo "2739"]
[WhiteFideId "309095"]
[BlackFideId "3503240"]
[EventDate "2017.08.17"]

1. c4 e6 2. d4 d5 3. Nc3 Nf6 4. cxd5 Nxd5 5. e4 Nxc3 6. bxc3 c5 7. Rb1 Be7 8.
Nf3 O-O 9. Bc4 Nc6 10. O-O b6 11. Be3 cxd4 12. cxd4 Bb7 13. Qe2 Rc8 14. Rfd1 Qc7
15. d5 exd5 16. exd5 Ne5 17. Bb3 Nxf3+ 18. Qxf3 Bd6 19. h4 Qc3 20. h5 h6 21. Rd4
Rce8 22. Rg4 Bc8 23. Rc4 Qe5 24. Bf4 Qf6 25. Bc2 Bxf4 26. Rxf4 Qd6 27. Rd1 Bd7
28. Qd3 f5 29. g3 Re5 30. Bb3 Rfe8 31. Kg2 Kh8 32. Rc1 a5 33. Qc4 a4 34. Bxa4
Re4 35. Qc7 Qxc7 36. Rxc7 Bxa4 37. Rxf5 Rd4 38. Rff7 Rg8 39. Rb7 Rxd5 40. Rxb6
Be8 41. Rf4 Bxh5 42. a4 Ra8 43. Rfb4 Rda5 44. R6b5 Bg6 45. Rc4 Rxa4 46. Rxa4
Rxa4 47. Rb2 Ra3 48. f3 Rd3 49. g4 Bf7 50. Kg3 Bd5 51. Rb8+ Kh7 52. Rf8 g5 53.
Rf6 Kg7 54. Rf5 Bc6 55. Kf2 Rd5 0-1

[Event "Saint Louis Blitz 2017"]
[Site "Saint Louis USA"]
[Date "2017.08.18"]
[Round "10.2"]
[White "Caruana, Fabiano"]
[Black "Le, Quang Liem"]
[Result "0-1"]
[WhiteTitle "GM"]
[BlackTitle "GM"]
[WhiteElo "2807"]
[BlackElo "2739"]
[WhiteFideId "2020009"]
[BlackFideId "12401137"]
[EventDate "2017.08.17"]

1. c4 c5 2. Nf3 Nc6 3. Nc3 g6 4. e3 Nf6 5. d4 cxd4 6. exd4 d5 7. cxd5 Nxd5 8.
Qb3 e6 9. Bb5 Bg7 10. O-O O-O 11. Bxc6 bxc6 12. Na4 Qd6 13. Re1 Rb8 14. Qd1 c5
15. Nxc5 Bb7 16. Bg5 Ba8 17. Qd2 Rb5 18. Rac1 Nb4 19. a4 Rb6 20. Bf4 Qd8 21. Ne5
Na2 22. Rcd1 Qd5 23. f3 Rd8 24. Qf2 Rb4 25. Re4 h6 26. h4 Qxc5 27. dxc5 Rxd1+
28. Re1 Rxe1+ 29. Qxe1 Rxf4 30. c6 Nb4 31. Qe3 Nd5 32. Qxa7 Bxe5 33. Qxa8+ Kg7
34. a5 Rb4 35. a6 Rxb2 36. a7 Ra2 37. Qb7 Bd4+ 38. Kh2 Rxa7 39. Qb3 Be5+ 40. g3
Ra6 41. f4 Bc7 42. Qc4 Ra3 43. Qd4+ Kg8 44. Qc5 Rc3 45. Qb5 Ne7 46. h5 Rxc6 47.
hxg6 Rc2+ 48. Kh3 Nxg6 49. Qb3 Rc5 50. Qb4 Bd6 51. Qd4 Rd5 52. Qc4 h5 53. Qc8+
Kg7 54. Qc3+ Kh7 55. Qf6 Rf5 56. Qd4 Be7 57. Qd7 h4 58. gxh4 Rxf4 59. h5 Rh4+ 0-1

[Event "Saint Louis Blitz 2017"]
[Site "Saint Louis USA"]
[Date "2017.08.18"]
[Round "10.4"]
[White "Nepomniachtchi, Ian"]
[Black "Anand, Viswanathan"]
[Result "0-1"]
[WhiteTitle "GM"]
[BlackTitle "GM"]
[WhiteElo "2751"]
[BlackElo "2783"]
[WhiteFideId "4168119"]
[BlackFideId "5000017"]
[EventDate "2017.08.17"]

1. e4 e5 2. d4 exd4 3. Qxd4 Nc6 4. Qe3 Nf6 5. Bd2 Bb4 6. Nc3 O-O 7. O-O-O Re8 8.
Qf4 Bxc3 9. Bxc3 Rxe4 10. Qg3 d5 11. f3 Re6 12. Ne2 Rd6 13. Qf4 d4 14. Nxd4 Nd5
15. Nxc6 bxc6 16. Rxd5 cxd5 17. Be5 Re6 18. Qg3 Rg6 19. Qf2 Ba6 20. f4 Bxf1 21.
Rxf1 Qe7 22. Rd1 Rd8 23. a3 c5 24. h3 Re6 25. Kb1 d4 26. Qf1 Kh8 27. Qc4 Re8 28.
Qb3 f6 29. Bb8 Rb6 0-1

[Event "Saint Louis Blitz 2017"]
[Site "Saint Louis USA"]
[Date "2017.08.18"]
[Round "10.5"]
[White "Karjakin, Sergey"]
[Black "Kasparov, Garry"]
[Result "1-0"]
[WhiteTitle "GM"]
[BlackTitle "GM"]
[WhiteElo "2773"]
[BlackElo "2812"]
[WhiteFideId "14109603"]
[BlackFideId "4100018"]
[EventDate "2017.08.17"]

1. b3 e5 2. Bb2 Nc6 3. e3 g6 4. c4 Bg7 5. Nf3 d6 6. Be2 Nf6 7. d4 O-O 8. O-O
exd4 9. Nxd4 Re8 10. Nxc6 bxc6 11. Bf3 Bd7 12. Nc3 Rb8 13. h3 c5 14. Qd2 h5 15.
Rad1 Qe7 16. Rfe1 a6 17. Qc1 Be6 18. Ne2 Nd7 19. Bxg7 Kxg7 20. Nf4 Ne5 21. Be2
Qf6 22. Bxh5 Rh8 23. Be2 g5 24. Nxe6+ fxe6 25. f4 gxf4 26. exf4 Nc6 27. Rd3 Nd4
28. Rg3+ Kf7 29. Bd3 Rbg8 30. Rg5 e5 31. Rf1 Ke7 32. Qe3 Kd7 33. Rxg8 Rxg8 34.
fxe5 Qxe5 35. Rf7+ Ke6 36. Qf2 Qg5 37. Rxc7 Qc1+ 38. Kh2 1-0

[Event "Saint Louis Blitz 2017"]
[Site "Saint Louis USA"]
[Date "2017.08.18"]
[Round "11.1"]
[White "Anand, Viswanathan"]
[Black "Caruana, Fabiano"]
[Result "0-1"]
[WhiteTitle "GM"]
[BlackTitle "GM"]
[WhiteElo "2783"]
[BlackElo "2807"]
[WhiteFideId "5000017"]
[BlackFideId "2020009"]
[EventDate "2017.08.17"]

1. e4 e5 2. Nf3 Nc6 3. Bb5 a6 4. Ba4 Nf6 5. O-O Be7 6. d3 d6 7. c3 O-O 8. Re1
Nd7 9. Be3 Nb6 10. Bb3 Kh8 11. Nbd2 f5 12. Bxb6 cxb6 13. exf5 Bxf5 14. d4 exd4
15. Nxd4 Nxd4 16. cxd4 Qd7 17. Ne4 Rae8 18. Nc3 b5 19. Qd2 h6 20. Nd5 Bg5 21. f4
Bh4 22. g3 Bd8 23. Rxe8 Rxe8 24. Re1 a5 25. Rxe8+ Qxe8 26. Qe3 Qxe3+ 27. Nxe3
Bb1 28. Be6 Bb6 29. Nf5 d5 30. Kf2 g6 31. Nd6 Bxd4+ 32. Kf3 Bxa2 0-1

[Event "Saint Louis Blitz 2017"]
[Site "Saint Louis USA"]
[Date "2017.08.18"]
[Round "11.2"]
[White "Kasparov, Garry"]
[Black "Nepomniachtchi, Ian"]
[Result "1/2-1/2"]
[WhiteTitle "GM"]
[BlackTitle "GM"]
[WhiteElo "2812"]
[BlackElo "2751"]
[WhiteFideId "4100018"]
[BlackFideId "4168119"]
[EventDate "2017.08.17"]

1. e4 c5 2. Nf3 d6 3. Bb5+ Nd7 4. d4 cxd4 5. Qxd4 Nf6 6. Nc3 e5 7. Qd3 h6 8. Be3
a6 9. Bc4 Be7 10. a4 Qc7 11. O-O O-O 12. Nd2 Nb6 13. Bxb6 Qxb6 14. a5 Qc7 15.
Nd5 Nxd5 16. Bxd5 Be6 17. Nc4 Kh8 18. c3 Rad8 19. Rfd1 Bg5 20. Nb6 Bg4 21. f3
Be6 22. g3 h5 23. h4 Bh6 24. Nc4 Bc8 25. Nb6 Be6 26. Nc4 Bc8 27. Nb6 1/2-1/2

[Event "Saint Louis Blitz 2017"]
[Site "Saint Louis USA"]
[Date "2017.08.18"]
[Round "11.3"]
[White "Dominguez Perez, Leinier"]
[Black "Karjakin, Sergey"]
[Result "0-1"]
[WhiteTitle "GM"]
[BlackTitle "GM"]
[WhiteElo "2739"]
[BlackElo "2773"]
[WhiteFideId "3503240"]
[BlackFideId "14109603"]
[EventDate "2017.08.17"]

1. e4 e5 2. Nf3 Nc6 3. Bb5 Nf6 4. d3 Bc5 5. Bxc6 dxc6 6. Nbd2 O-O 7. Qe2 Nd7 8.
Nc4 Re8 9. Bd2 b5 10. Ne3 a5 11. a4 Bb6 12. O-O Nf8 13. Qe1 b4 14. h3 Ng6 15. b3
Qf6 16. Nc4 Bxh3 17. Bg5 Qe6 18. gxh3 Qxh3 19. Qe2 h6 20. Nxb6 Qg4+ 21. Kh2 hxg5
22. Rg1 Qh5+ 23. Kg3 Nf4 24. Qf1 cxb6 25. Rh1 Qg6 26. Nd2 Qf6 27. f3 g6 28. Qf2
Kg7 29. Nc4 Rh8 30. Nxb6 Qe6 31. Qf1 Rxh1 32. Qxh1 Rh8 33. Qg1 Ne2+ 0-1

[Event "Saint Louis Blitz 2017"]
[Site "Saint Louis USA"]
[Date "2017.08.18"]
[Round "11.5"]
[White "Navara, David"]
[Black "Aronian, Levon"]
[Result "1-0"]
[WhiteTitle "GM"]
[BlackTitle "GM"]
[WhiteElo "2737"]
[BlackElo "2799"]
[WhiteFideId "309095"]
[BlackFideId "13300474"]
[EventDate "2017.08.17"]

1. e4 e5 2. Nf3 Nc6 3. Bb5 a6 4. Ba4 Nf6 5. O-O Be7 6. Re1 b5 7. Bb3 O-O 8. h3
Bb7 9. d3 d5 10. exd5 Nxd5 11. Nxe5 Nxe5 12. Rxe5 Qd6 13. Re1 Rae8 14. Nd2 c5
15. Ne4 Qc6 16. c4 Nb6 17. cxb5 axb5 18. Qf3 c4 19. dxc4 Qg6 20. Bd2 bxc4 21.
Bc2 Nd5 22. Rac1 Qb6 23. Ng5 Bxg5 24. Qf5 g6 25. Qxg5 Qxb2 26. Rxe8 Rxe8 27. Rb1
Qxc2 28. Rxb7 Qe4 29. Rd7 c3 30. Qxd5 Qxd5 31. Rxd5 cxd2 32. Rxd2 Re1+ 33. Kh2
Kg7 34. Kg3 h5 35. Kf4 Kf6 36. h4 Ke6 37. Kg5 Re5+ 38. Kh6 Kf5 39. g3 Ra5 40.
Kg7 Ra7 41. Rd4 f6+ 42. Kh6 Ke5 43. Rf4 Rxa2 44. Kxg6 Ra6 45. Rf5+ Ke4 46. Rxf6 1-0

[Event "Saint Louis Blitz 2017"]
[Site "Saint Louis USA"]
[Date "2017.08.18"]
[Round "12.1"]
[White "Aronian, Levon"]
[Black "Le, Quang Liem"]
[Result "1-0"]
[WhiteTitle "GM"]
[BlackTitle "GM"]
[WhiteElo "2799"]
[BlackElo "2739"]
[WhiteFideId "13300474"]
[BlackFideId "12401137"]
[EventDate "2017.08.17"]

1. d4 Nf6 2. Bf4 d5 3. e3 c5 4. Nc3 cxd4 5. exd4 a6 6. Nf3 Nc6 7. Ne5 Bf5 8. g4
Nxe5 9. gxf5 Nc6 10. Qd3 g6 11. O-O-O Bg7 12. h4 Nb4 13. Qe2 gxf5 14. Rg1 Rg8
15. Bh3 Qd7 16. Be5 Kf8 17. Qf3 Bh6+ 18. Kb1 Ng4 19. a3 Nc6 20. Nxd5 Rd8 21. Nb6
Qe6 22. Bc7 Rxd4 23. c3 Rxd1+ 24. Qxd1 Rg6 25. Nd7+ Kg7 26. Nc5 Qc4 27. Nd3 Kf8
28. h5 Rg8 29. Re1 Bg5 30. Qf3 e6 31. Rd1 Be7 32. Bf4 Qe4 33. Bg2 Qxf3 34. Bxf3
Nf6 35. Bh6+ Ke8 36. Nb4 Ne4 37. Nxc6 bxc6 38. Rd4 Bg5 1-0